000
00320 a2200121 4500
000
nam a22 7a 4500
005
20260427114920.0
020
_a
9780691234502
100
_a
Laurence Louër
_9
1235751
245
_a
Sunnis and Shi'a: A Political History
260
_b
Princeton University Press
_c
2022
942
_c
TEXL
999
_c
1848562
_d
1848562